Southville International School and Colleges
Your cart is empty.
  • Cart
  • Lists
    Public lists Eva Luna New books Lux_list list_1
    Your lists Log in to create your own lists
  • Log in to your account
  • Your cookies
  • Search history
Southville International School and Colleges
  • Advanced search
  • Recent comments
  • Most popular
  • Libraries

Log in to your account

Log in with GOOGLE


If you do not have an external account, but do have a local account, you can still log in:

  1. Home
  2. MARC view: The viper's nest /
Normal view MARC view ISBD view

The viper's nest / (Record no. 287822)

[ view plain ]
MARC details
000 -LEADER
fixed length control field 00558nam a2200181Ia 4500
008 - FIXED-LENGTH DATA ELEMENTS--GENERAL INFORMATION
fixed length control field 150610s9999 xx 000 0 und d
020 ## - INTERNATIONAL STANDARD BOOK NUMBER
International Standard Book Number 9780545152938
050 ## - LIBRARY OF CONGRESS CALL NUMBER
Classification number PZ7
Item number .T54 2010 v.7
100 ## - MAIN ENTRY--PERSONAL NAME
Personal name Lerangis, Peter.
245 #4 - TITLE STATEMENT
Title The viper's nest /
Statement of responsibility, etc Peter Lerangis.
260 ## - PUBLICATION, DISTRIBUTION, ETC. (IMPRINT)
Place of publication, distribution, etc New York :
Name of publisher, distributor, etc Scholastic Inc.,
Date of publication, distribution, etc 2010.
300 ## - PHYSICAL DESCRIPTION
Extent 190pages ;
Dimensions 20 cm.
440 ## - SERIES STATEMENT/ADDED ENTRY--TITLE
Title The 39 clues ; book 7
Volume number/sequential designation v.7
520 ## - SUMMARY, ETC.
Summary, etc Juvenile fiction.
650 ## - SUBJECT ADDED ENTRY--TOPICAL TERM
Topical term or geographic name as entry element Code and cipher stories
650 ## - SUBJECT ADDED ENTRY--TOPICAL TERM
Topical term or geographic name as entry element Family secrets
General subdivision Juvenile fiction.
650 ## - SUBJECT ADDED ENTRY--TOPICAL TERM
Topical term or geographic name as entry element Orphans
General subdivision Juvenile fiction.
Holdings
Withdrawn status Lost status Damaged status Home library Current library Shelving location Date acquired Total Checkouts Full call number Barcode Date last seen Price effective from Koha item type
      Stonyhurst Southville International School (Batangas) Stonyhurst Southville International School (Batangas) High School Section 06/10/2015   PZ7 .T54 2010 v.7 US-1235 06/10/2015   Books

The viper's nest /

APA

Lerangis P., . (2010). The viper's nest. New York: Scholastic Inc.

Chicago

Lerangis Peter, . 2010. The viper's nest. New York: Scholastic Inc.

Harvard

Lerangis P., . (2010). The viper's nest. New York: Scholastic Inc.

MLA

Lerangis Peter, . The viper's nest. New York: Scholastic Inc. 2010.

  • Place hold
  • Print
  • Cite
  • Add to your cart (remove)
  • Save record
    BIBTEX Dublin Core MARCXML MARC (non-Unicode/MARC-8) MARC (Unicode/UTF-8) MARC (Unicode/UTF-8, Standard) MODS (XML) RIS
  • More searches
    Search for this title in:
    Other Libraries (WorldCat) Other Databases (Google Scholar) Online Stores (Bookfinder.com) Open Library (openlibrary.org)

Exporting to Dublin Core...

SOUTHVILLE LIBRARY

Southville International School and Colleges Library

1281 Tropical Ave. Cor. Luxembourg St., BF Homes International, Las Pinas City

Tel. No. 8256374 / 252358 Loc. 117/146

Powered by Koha